Wszystkie miasta II RP z mapą - Statystyki

Ogólne statystyki
  • Ten quiz został rozwiązany 815 razy
  • Średni wynik to 93 z 636
Odpowiedzi na mapie
Odpowiedzi zakodowano w zielono-czerwonej skali na mapie do tego quizu, zgodnie z poniższymi procentami.
 
Statystyki odpowiedzi
% Poprawnych
Warszawa
89%
Lwów
83%
Kraków
80%
Poznań
79%
Łódź
78%
Wilno
75%
Gdynia
74%
Katowice
70%
Lublin
64%
Białystok
61%
Bydgoszcz
59%
Toruń
59%
Kielce
57%
Radom
54%
Rzeszów
54%
Zakopane
52%
Częstochowa
51%
Tarnów
48%
Sosnowiec
47%
Suwałki
47%
Gniezno
45%
Płock
45%
Chełm
44%
Przemyśl
44%
Bielsk
43%
Grodno
43%
Zamość
43%
Biała
42%
Kalisz
42%
Nowy Sącz
42%
Puck
41%
Konin
40%
Królewska Huta
40%
Ostrów
40%
Pruszków
40%
Dąbrowa
39%
Nowy Targ
39%
Sandomierz
39%
Wejherowo
39%
Łomża
38%
Stanisławów
38%
Tczew
38%
Grudziądz
37%
Krosno
37%
Piotrków
37%
Włocławek
37%
Bielsko
36%
Cieszyn
36%
Koło
36%
Siedlce
36%
Tarnobrzeg
36%
Inowrocław
35%
Leszno
34%
Oświęcim
34%
Wieliczka
34%
Łuck
33%
Pabianice
33%
Zgierz
33%
Augustów
32%
Skierniewice
32%
Bochnia
31%
Mielec
31%
Ostrołęka
31%
Rybnik
31%
Sanok
31%
Tomaszów Mazowiecki
31%
Biała Podlaska
30%
Ciechanów
30%
Jasło
30%
Mińsk Mazowiecki
30%
Ostrowiec
30%
Piaseczno
30%
Puławy
30%
Tarnopol
30%
Wadowice
30%
Aleksandrów
29%
Grodzisk
29%
Jarosław
29%
Łowicz
29%
Wołomin
29%
Żywiec
29%
Będzin
28%
Bełchatów
28%
Chojnice
28%
Dąbrowa Górnicza
28%
Kutno
28%
Mława
28%
Mysłowice
28%
Nowy Dwór
28%
Otwock
28%
Radomsko
28%
Sieradz
28%
Wieluń
28%
Dębica
26%
Hrubieszów
26%
Janów
26%
Jaworzno
26%
Kartuzy
26%
Kościerzyna
26%
Nowe
26%
Starogard
26%
Stary Sącz
26%
Tomaszów Lubelski
26%
Września
26%
Żory
26%
Żyrardów
26%
Myślenice
25%
Nowogród
25%
Olkusz
25%
Pułtusk
25%
Brzesko
24%
Chełmno
24%
Grójec
24%
Sejny
24%
Tarnowskie Góry
24%
Biłgoraj
23%
Gorlice
23%
Kraśnik
23%
Łańcut
23%
Limanowa
23%
Pszczyna
23%
Środa
23%
Turek
23%
Zawiercie
23%
Busk
22%
Chrzanów
22%
Garwolin
22%
Gostyń
22%
Jarocin
22%
Kazimierz Dolny
22%
Lubartów
22%
Opatów
22%
Skarżysko-Kamienna
22%
Sochaczew
22%
Włodawa
22%
Baranów
21%
Końskie
21%
Krasnystaw
21%
Łęczyca
21%
Lesko
21%
Leżajsk
21%
Lubliniec
21%
Nakło
21%
Oborniki
21%
Opoczno
21%
Pińsk
21%
Płońsk
21%
Rawa Mazowiecka
21%
Wodzisław
21%
Andrychów
20%
Brześć nad Bugiem
20%
Ciechocinek
20%
Jędrzejów
20%
Łask
20%
Łęczna
20%
Nisko
20%
Nowe Miasto
20%
Ostrów Wielkopolski
20%
Radzyn
20%
Radzyń
20%
Rawicz
20%
Równe
20%
Śrem
20%
Świecie
20%
Terespol
20%
Ustrzyki Dolne
20%
Zduńska Wola
20%
Żnin
20%
Brodnica
19%
Golub
19%
Grajewo
19%
Kościan
19%
Miechów
19%
Mikołów
19%
Nowy Tomyśl
19%
Skawina
19%
Sokółka
19%
Sokołów
19%
Tuchola
19%
Wyszków
19%
Zambrów
19%
Busko
18%
Gniew
18%
Gostynin
18%
Grodzisk Mazowiecki
18%
Kępno
18%
Kowal
18%
Kowel
18%
Krotoszyn
18%
Krynica-Zdrój
18%
Lipno
18%
Łuków
18%
Nowogródek
18%
Siemiatycze
18%
Sucha
18%
Szamotuły
18%
Warka
18%
Włoszczowa
18%
Wolsztyn
18%
Brzozów
17%
Kłobuck
17%
Kolno
17%
Kozienice
17%
Niepołomice
17%
Rypin
17%
Sierpc
17%
Brzeziny
16%
Czeladź
16%
Drohiczyn
16%
Działdowo
16%
Kolbuszowa
16%
Konstantynów
16%
Ostrów Mazowiecka
16%
Ostrzeszów
16%
Parczew
16%
Pińczów
16%
Przasnysz
16%
Przeworsk
16%
Radzymin
16%
Sędziszów
16%
Swarzędz
16%
Wągrowiec
16%
Żuromin
16%
Chodzież
15%
Czarnków
15%
Drohobycz
15%
Góra Kalwaria
15%
Lida
15%
Łosice
15%
Lubaczów
15%
Maków Mazowiecki
15%
Międzyrzec
15%
Mogilno
15%
Pleszew
15%
Ropczyce
15%
Staszów
15%
Troki
15%
Zator
15%
Baranowicze
14%
Bieruń Stary
14%
Brześć Kujawski
14%
Buk
14%
Chełmża
14%
Choroszcz
14%
Czersk
14%
Kalwaria Zebrzydowska
14%
Łapy
14%
Muszyna
14%
Radziejów
14%
Sępolno
14%
Stryj
14%
Sulejów
14%
Wąbrzeźno
14%
Węgrów
14%
Wieruszów
14%
Władysławów
14%
Wronki
14%
Wysokie Mazowieckie
14%
Głogów
13%
Kock
13%
Kórnik
13%
Kostrzyn
13%
Maków Podhalański
13%
Międzychód
13%
Pelplin
13%
Proszowice
13%
Słupca
13%
Solec Kujawski
13%
Szczebrzeszyn
13%
Włodzimierz
13%
Bełz
12%
Chęciny
12%
Iłża
12%
Kołomyja
12%
Lubawa
12%
Skoczów
12%
Strzyżów
12%
Szydłowiec
12%
Trzebinia
12%
Uniejów
12%
Wolbrom
12%
Zwoleń
12%
Błonie
11%
Czarny Dunajec
11%
Dukla
11%
Kęty
11%
Ozorków
11%
Pilzno
11%
Rawa Ruska
11%
Sambor
11%
Supraśl
11%
Tykocin
11%
Wasilków
11%
Zbąszyń
11%
Biecz
10%
Głowno
10%
Janów Podlaski
10%
Kłodawa
10%
Koniecpol
10%
Koronowo
10%
Kruszwica
10%
Lidzbark
10%
Mszczonów
10%
Serock
10%
Szczuczyn
10%
Warta
10%
Wilejka
10%
Jordanów
9%
Kałusz
9%
Krzeszowice
9%
Miasteczko
9%
Mosina
9%
Murowana Goślina
9%
Piwniczna
9%
Pniewy
9%
Różan
9%
Rymanów
9%
Stryków
9%
Szczekociny
9%
Szubin
9%
Tuszyn
9%
Wyszogród
9%
Zawichost
9%
Żółkiew
9%
Biała Rawska
8%
Brańsk
8%
Chmielnik
8%
Ciechanowiec
8%
Dobrzyń nad Wisłą
8%
Goniądz
8%
Grabów
8%
Grybów
8%
Janowiec
8%
Knyszyn
8%
Kobryń
8%
Koźmin
8%
Krynki
8%
Książ
8%
Mołodeczno
8%
Nieszawa
8%
Opalenica
8%
Piaski
8%
Radymno
8%
Rogoźno
8%
Rudnik
8%
Sarny
8%
Skała
8%
Ślesin
8%
Sokal
8%
Wołkowysk
8%
Wyrzysk
8%
Zakroczym
8%
Zbaraż
8%
Żelechów
8%
Bojanowo
7%
Borek
7%
Brok
7%
Buczacz
7%
Dobczyce
7%
Gniewkowo
7%
Gródek Jagielloński
7%
Halicz
7%
Jaworów
7%
Jedwabne
7%
Kcynia
7%
Kleczew
7%
Kowalewo
7%
Krośniewice
7%
Lanckorona
7%
Mordy
7%
Mościska
7%
Nasielsk
7%
Nieśwież
7%
Pakość
7%
Pyzdry
7%
Rajgród
7%
Rydzyna
7%
Skarszewy
7%
Słomniki
7%
Słonim
7%
Śmigiel
7%
Stoczek
7%
Strumień
7%
Strzelno
7%
Trzemeszno
7%
Ujście
7%
Wilamowice
7%
Wysoka
7%
Zabłudów
7%
Żabno
7%
Zaleszczyki
7%
Barcin
6%
Bereza Kartuska
6%
Błaszki
6%
Błażowa
6%
Borysław
6%
Brody
6%
Budzyń
6%
Chorzele
6%
Chyrów
6%
Ciężkowice
6%
Czempiń
6%
Czortków
6%
Dąbie
6%
Dobra
6%
Dubno
6%
Fordon
6%
Gąbin
6%
Gołańcz
6%
Golina
6%
Kleszczele
6%
Kobylin
6%
Kosów
6%
Kosów Poleski
6%
Krobia
6%
Krzemieniec
6%
Łabiszyn
6%
Łuniniec
6%
Lwówek
6%
Mogielnica
6%
Odolanów
6%
Pobiedziska
6%
Podgórz
6%
Sieraków
6%
Skaryszew
6%
Skoki
6%
Stęszew
6%
Suchowola
6%
Suraż
6%
Święciany
6%
Szadek
6%
Tuchów
6%
Więcbork
6%
Wieleń nad Notecią
6%
Wojnicz
6%
Żychlin
6%
Bóbrka
5%
Brzostek
5%
Chodecz
5%
Cieszanów
5%
Czerniejewo
5%
Dobromil
5%
Dolina
5%
Dolsk
5%
Druskieniki
5%
Działoszyce
5%
Gąsawa
5%
Górzno
5%
Horochów
5%
Jaraczew
5%
Jutrosin
5%
Kałuszyn
5%
Kańczuga
5%
Kleck
5%
Krzepice
5%
Kuty
5%
Łasin
5%
Łobżenica
5%
Lubień
5%
Luboml
5%
Lubraniec
5%
Margonin
5%
Miejska Górka
5%
Mielnik
5%
Mieścisko
5%
Mikstat
5%
Mrocza
5%
Narew
5%
Obrzycko
5%
Ostroróg
5%
Oszmiana
5%
Poniec
5%
Przedbórz
5%
Raciąż
5%
Rakoniewice
5%
Raków
5%
Raszków
5%
Rychwał
5%
Sieniawa
5%
Śniatyn
5%
Stawiski
5%
Stawiszyn
5%
Stołpce
5%
Szamocin
5%
Trembowla
5%
Turka
5%
Tyczyn
5%
Ulanów
5%
Witkowo
5%
Woźniki
5%
Wyśmierzyce
5%
Zaniemyśl
5%
Zborów
5%
Zduny
5%
Żerków
5%
Złoczew
5%
Żydaczów
5%
Beresteczko
4%
Bnin
4%
Boćki
4%
Brzeżany
4%
Bursztyn
4%
Chodorów
4%
Dawidgródek
4%
Dobrzyca
4%
Dzisna
4%
Głębokie
4%
Husiatyn
4%
Kłecko
4%
Kostopol
4%
Krzywiń
4%
Mikołajów
4%
Miłosław
4%
Nadwórna
4%
Nowa Wilejka
4%
Nowe Miasto nad Wartą
4%
Osieczna
4%
Ostróg
4%
Podhajce
4%
Pogorzela
4%
Praszka
4%
Prużana
4%
Przedecz
4%
Przemyślany
4%
Radomyśl Wielki
4%
Radziechów
4%
Rozwadów
4%
Rudki
4%
Rychtal
4%
Skalbmierz
4%
Skidel
4%
Sokoły
4%
Stary Sambor
4%
Stolin
4%
Sulmierzyce
4%
Szczakowa
4%
Tuliszków
4%
Wielichowo
4%
Wołożyn
4%
Wysokie Litewskie
4%
Zagórów
4%
Zdołbunów
4%
Złoczów
4%
Bohorodczany
3%
Borszczów
3%
Delatyn
3%
Dobrzyń nad Drwęcą
3%
Dubienka
3%
Gębice
3%
Horodenka
3%
Indura
3%
Jaryczów Nowy
3%
Jazłowiec
3%
Kamieniec Litewski
3%
Kamień Pomorski
3%
Kamionka Strumiłowa
3%
Komarno
3%
Kopanica
3%
Kopyczyńce
3%
Krakowiec
3%
Kulików
3%
Lachowicze
3%
Łopatyn
3%
Mosty Wielkie
3%
Niemirów
3%
Nowe Święciany
3%
Odelsk
3%
Olesko
3%
Pomorzany
3%
Powidz
3%
Radziwiłłów
3%
Ratno
3%
Rohatyn
3%
Różana
3%
Ruda Pabianicka
3%
Ryczywół
3%
Skałat
3%
Smorgonie
3%
Starosielce
3%
Święciechowa
3%
Tłumacz
3%
Uściług
3%
Wierzbnik
3%
Winniki
3%
Żurawno
3%
Barysz
2%
Bereźne
2%
Bolechów
2%
Bołszowce
2%
Budzanów
2%
Dąbrowica
2%
Dokszyce
2%
Gliniany
2%
Grzymałów
2%
Jagielnica
2%
Korzec
2%
Kozowa
2%
Łohiszyn
2%
Mikulińce
2%
Monasterzyska
2%
Niżankowice
2%
Ołyka
2%
Otynia
2%
Peczeniżyn
2%
Podbrodzie
2%
Podwołoczyska
2%
Radoszkowicze
2%
Rogowo
2%
Rokitno
2%
Rostarzewo
2%
Rozdół
2%
Rożniatów
2%
Rożyszcze
2%
Rynarzewo
2%
Sądowa Wisznia
2%
Sarnowa
2%
Sassów
2%
Skole
2%
Stara Sól
2%
Świsłocz
2%
Szczerzec
2%
Szereszów
2%
Tyśmienica
2%
Uhnów
2%
Uście Solne
2%
Wiśnicz Nowy
2%
Zabłotów
2%
Załoźce
2%
Zdzięcioł
2%
Nie znaleziono quizów pasujących do podanych kryteriów
Rozkład punktacji
Procent ludzi z każdym wynikiem
Percentyl według liczby udzielonych odpowiedzi
Twoja historia wyników
Nie rozwiązałeś tego quizu